[Event "IV Festival Terre degli Elimi A"]
[Site "Erice ITA"]
[Date "2013.07.24"]
[Round "1"]
[White "Merendino, Elda"]
[Black "Di Misa, Salvatore"]
[WhiteElo "1538"]
[BlackElo "1962"]
[Result "0-1"]
[PlyCount "48"]
[EventDate "2013.07.24"]

1. Nf3 d5 2. d3 Nc6 3. g3 e5 4. Bg2 f6 5. O-O Be6 6. Re1 Qd7 7. a3 O-O-O 8. c3
h5 9. Qc2 h4 10. Nxh4 g5 11. Nf3 Qh7 12. e4 Nge7 13. Nbd2 Ng6 14. Nf1 dxe4 15.
dxe4 Bc4 16. N3d2 Bd3 17. Qa4 Bc5 18. b4 Bb6 19. Qb3 Nf4 20. gxf4 gxf4 21. Qe6+
Kb8 22. Qf5 Qh4 23. Bb2 Qxf2+ 24. Kh1 Qg1# 0-1

[Event "IV Festival Terre degli Elimi A"]
[Site "Erice ITA"]
[Date "2013.07.24"]
[Round "1"]
[White "Messina, Damiano"]
[Black "Toma, Katarzyna"]
[WhiteElo "1908"]
[BlackElo "2305"]
[Result "0-1"]
[PlyCount "58"]
[EventDate "2013.07.24"]

1. c4 Nf6 2. g3 g6 3. Bg2 d5 4. cxd5 Nxd5 5. Nc3 Nb6 6. Nf3 Bg7 7. O-O Nc6 8.
d3 O-O 9. Be3 Re8 10. Rc1 e5 11. Nd2 Nd4 12. Nde4 c6 13. h3 Qe7 14. Qd2 Be6 15.
Ng5 Bd7 16. Nce4 Nd5 17. Nc5 Nxe3 18. fxe3 Qxg5 19. Nxd7 Nf5 20. Rf3 Nxg3 21.
Kh2 Nf5 22. Nc5 Qe7 23. Bh1 Rad8 24. Ne4 Nh4 25. Rf2 f5 26. Nc3 e4 27. d4 Qd6+
28. Kg1 Qg3+ 29. Bg2 f4 0-1

[Event "IV Festival Terre degli Elimi A"]
[Site "Erice ITA"]
[Date "2013.07.24"]
[Round "1"]
[White "Milletari', Ruggero"]
[Black "Adrian, Claude"]
[WhiteElo "1824"]
[BlackElo "2221"]
[Result "1/2-1/2"]
[PlyCount "38"]
[EventDate "2013.07.24"]

1. d4 d5 2. c4 e5 3. dxe5 d4 4. Nf3 Nc6 5. a3 Bg4 6. Nbd2 Qe7 7. b4 O-O-O 8.
Bb2 Nh6 9. h3 Bxf3 10. Nxf3 Nxe5 11. Nxe5 Qxe5 12. Qd3 Nf5 13. Rd1 Be7 14. e4
Rhe8 15. Be2 Ne3 16. Qxe3 c5 17. b5 Kb8 18. Qg3 Qxg3 19. fxg3 Bd6 1/2-1/2

[Event "IV Festival Terre degli Elimi A"]
[Site "Erice ITA"]
[Date "2013.07.24"]
[Round "1"]
[White "Mondello, Simone"]
[Black "Clijsen, Mark"]
[WhiteElo "1800"]
[BlackElo "2159"]
[Result "0-1"]
[PlyCount "82"]
[EventDate "2013.07.24"]

1. e4 e6 2. d4 d5 3. Nc3 Nf6 4. Bg5 Be7 5. e5 Nfd7 6. Bxe7 Qxe7 7. f4 a6 8. Nf3
b5 9. Qd2 c5 10. Ne2 Nc6 11. c3 Bb7 12. Ng3 Rc8 13. Rc1 Na5 14. Bd3 Nc4 15.
Bxc4 dxc4 16. O-O Rd8 17. Qc2 f6 18. Ne4 O-O 19. Nd6 Bd5 20. Qe2 f5 21. a4 bxa4
22. Nxc4 Rb8 23. Nd6 Rb6 24. Ra1 Rfb8 25. Rxa4 Rxb2 26. Qxa6 Bxf3 27. Rxf3 Rb1+
28. Rf1 Rxf1+ 29. Qxf1 h6 30. Ra7 Rb2 31. Qc1 Qh4 32. Qf1 Nb6 33. Ne8 Nd5 34.
Rxg7+ Kf8 35. h3 Kxe8 36. Qa1 Qf2+ 37. Kh1 Ra2 38. Qd1 Kf8 39. Rg6 Ne3 40. Qh5
Ra1+ 41. Kh2 Nf1+ 0-1

[Event "IV Festival Terre degli Elimi A"]
[Site "Erice ITA"]
[Date "2013.07.24"]
[Round "1"]
[White "Morello, Guido"]
[Black "La Franca, Vincenzo"]
[WhiteElo "2048"]
[BlackElo "1656"]
[Result "1-0"]
[PlyCount "71"]
[EventDate "2013.07.24"]

1. e4 e6 2. d4 d5 3. e5 c5 4. c3 Qb6 5. Nf3 Nc6 6. Bd3 cxd4 7. cxd4 Bb4+ 8. Nc3
Bd7 9. O-O Nxd4 10. Nxd4 Qxd4 11. Nb5 Qxe5 12. Qg4 h5 13. Qxb4 Nf6 14. Bf4 a5
15. Bxe5 axb4 16. Nc7+ Ke7 17. Nxa8 Rxa8 18. Bxf6+ Kxf6 19. Rfc1 Bc6 20. a4
bxa3 21. Rxa3 Ra4 22. Rxc6 Rxa3 23. Rxe6+ fxe6 24. bxa3 h4 25. Kf1 Ke5 26. Ke2
Kf4 27. g3+ hxg3 28. hxg3+ Ke5 29. Ke3 d4+ 30. Kf3 b6 31. Ke2 Kd5 32. Kd2 e5
33. f3 Kc5 34. Kc2 g5 35. g4 b5 36. Kb3 1-0

[Event "IV Festival Terre degli Elimi A"]
[Site "Erice ITA"]
[Date "2013.07.24"]
[Round "1"]
[White "Novak, Ksenija"]
[Black "Prinzivalli, Achille"]
[WhiteElo "2099"]
[BlackElo "1721"]
[Result "1-0"]
[PlyCount "51"]
[EventDate "2013.07.24"]

1. Nf3 Nf6 2. c4 d5 3. g3 Bd7 4. Bg2 Nc6 5. cxd5 Nxd5 6. d4 Qc8 7. e4 Nf6 8. e5
Nd5 9. Ng5 Nb6 10. Qb3 Nd8 11. Nc3 h6 12. Nge4 Bh3 13. O-O Bxg2 14. Kxg2 e6 15.
a4 c5 16. Nb5 Qc6 17. f3 Nc8 18. dxc5 Bxc5 19. Nxc5 Qxc5 20. Be3 Qe7 21. Rac1
Nc6 22. Bc5 Qd8 23. Rfd1 Qa5 24. Bd6 Nxd6 25. Nxd6+ Kf8 26. Qxb7 1-0

[Event "IV Festival Terre degli Elimi A"]
[Site "Erice ITA"]
[Date "2013.07.24"]
[Round "1"]
[White "Parrinello, Marco"]
[Black "Konijn, Rob"]
[WhiteElo "1569"]
[BlackElo "1974"]
[Result "0-1"]
[PlyCount "82"]
[EventDate "2013.07.24"]

1. e4 e5 2. Nf3 Nc6 3. Bc4 Bc5 4. O-O Nf6 5. d3 d6 6. Bg5 h6 7. Be3 Bb6 8. Nc3
O-O 9. Bxb6 axb6 10. d4 Bg4 11. dxe5 dxe5 12. Qxd8 Rfxd8 13. Nh4 Rd4 14. Bd3
Nb4 15. h3 Nxd3 16. cxd3 g5 17. hxg4 gxh4 18. Rfd1 Rad8 19. Nb5 R4d7 20. f3 c6
21. Na3 b5 22. Rac1 Rxd3 23. Rxd3 Rxd3 24. Nb1 h3 25. Kf2 hxg2 26. Kxg2 Nh7 27.
Rf1 Ng5 28. Nc3 Ne6 29. Rd1 Nf4+ 30. Kg3 b4 31. Rxd3 Nxd3 32. Nd1 c5 33. Kg2
Kg7 34. Kf1 b5 35. a3 Nxb2 36. Ne3 bxa3 37. Nc2 b4 38. Ke2 a2 39. Na1 c4 40.
Kd2 Na4 41. Kc1 b3 0-1

[Event "IV Festival Terre degli Elimi A"]
[Site "Erice ITA"]
[Date "2013.07.24"]
[Round "1"]
[White "Przezdziecka, Marta"]
[Black "Piazza, Dario"]
[WhiteElo "2297"]
[BlackElo "1881"]
[Result "1-0"]
[PlyCount "68"]
[EventDate "2013.07.24"]

1. Nf3 d5 2. g3 Bf5 3. Bg2 Nf6 4. c4 c6 5. Qb3 Qc7 6. O-O e6 7. d3 Bd6 8. Nc3
Nbd7 9. cxd5 exd5 10. Bd2 O-O 11. Rac1 Nc5 12. Qd1 Qd7 13. b4 Ne6 14. Nh4 Bg4
15. h3 Bh5 16. g4 Nxg4 17. hxg4 Bxg4 18. f3 Bh5 19. Bh3 Qc7 20. Kh1 Bxb4 21.
Qe1 Bxc3 22. Bxc3 Rad8 23. Rg1 d4 24. Bd2 Kh8 25. Bxe6 fxe6 26. Rg5 Rd5 27. Qg1
Qe7 28. Qg3 Rg8 29. Rg1 Rxg5 30. Bxg5 Qd7 31. Bf6 c5 32. Be5 b5 33. Qf4 Qf7 34.
Qg5 h6 1-0

[Event "IV Festival Terre degli Elimi A"]
[Site "Erice ITA"]
[Date "2013.07.24"]
[Round "1"]
[White "Ravagnani, Tiziano"]
[Black "Paragliola, Gennaro"]
[WhiteElo "1960"]
[BlackElo "1529"]
[Result "1-0"]
[PlyCount "31"]
[EventDate "2013.07.24"]

1. e4 d6 2. d4 g6 3. Nc3 Bg7 4. Nf3 Nf6 5. Bd3 O-O 6. O-O Nc6 7. h3 e5 8. Ne2
Nd7 9. c3 f5 10. exf5 gxf5 11. Bc4+ Kh8 12. Ng5 Qf6 13. Ng3 Nb6 14. Qh5 Qg6 15.
Nf7+ Kg8 16. Nxe5+ 1-0

[Event "IV Festival Terre degli Elimi A"]
[Site "Erice ITA"]
[Date "2013.07.24"]
[Round "1"]
[White "Rigattieri, Uber"]
[Black "Amato, Andrea"]
[WhiteElo "1873"]
[BlackElo "2291"]
[Result "0-1"]
[PlyCount "62"]
[EventDate "2013.07.24"]

1. e4 c5 2. Nc3 e6 3. g3 Nc6 4. Bg2 g6 5. Nge2 Bg7 6. O-O Nge7 7. d3 O-O 8. f4
d6 9. g4 f5 10. h3 Rb8 11. a4 a6 12. Ng3 Nd4 13. g5 b5 14. axb5 axb5 15. Nce2
b4 16. Nxd4 cxd4 17. exf5 Nxf5 18. Nxf5 gxf5 19. Ra7 Qb6 20. Rxg7+ Kxg7 21. Qh5
Qb7 22. Qh6+ Kg8 23. Bf3 Qg7 24. Qh4 b3 25. Bd1 Ba6 26. Re1 Rfe8 27. Qg3 Rbc8
28. Qf2 Re7 29. Qd2 e5 30. cxb3 Rec7 31. Be2 Rc2 0-1

[Event "IV Festival Terre degli Elimi A"]
[Site "Erice ITA"]
[Date "2013.07.24"]
[Round "1"]
[White "Russo, Carmelo"]
[Black "Valguarnera, Girolamo"]
[WhiteElo "1686"]
[BlackElo "2086"]
[Result "0-1"]
[PlyCount "62"]
[EventDate "2013.07.24"]

1. d4 d6 2. c4 Nf6 3. Nc3 Nbd7 4. e4 e5 5. Be3 Be7 6. f3 O-O 7. Bd3 c6 8. Nge2
exd4 9. Nxd4 Ne5 10. Be2 d5 11. cxd5 cxd5 12. exd5 Bb4 13. O-O Bxc3 14. bxc3
Nxd5 15. Qc1 Bd7 16. f4 Ng4 17. Bxg4 Bxg4 18. Nf3 Qc7 19. Bd2 Rac8 20. Ne5 Bf5
21. Qb2 f6 22. Qb3 Qc5+ 23. Kh1 fxe5 24. fxe5 b6 25. Rae1 Be6 26. Rf3 Rxf3 27.
gxf3 Qf2 28. Qd1 Rf8 29. Rf1 Ne3 30. Bxe3 Qxe3 31. Qd6 Bc4 0-1

[Event "IV Festival Terre degli Elimi A"]
[Site "Erice ITA"]
[Date "2013.07.24"]
[Round "1"]
[White "Savalla, Gianluca"]
[Black "Movileanu, Daniela"]
[WhiteElo "1653"]
[BlackElo "2030"]
[Result "0-1"]
[PlyCount "105"]
[EventDate "2013.07.24"]

1. d4 Nf6 2. Nf3 g6 3. Nbd2 Bg7 4. e4 d6 5. Bd3 O-O 6. O-O c6 7. c3 Qc7 8. Re1
e5 9. dxe5 dxe5 10. Qc2 Nbd7 11. b3 Nc5 12. Nc4 Nxd3 13. Qxd3 Rd8 14. Qc2 Ne8
15. Ba3 Be6 16. Ne3 h6 17. Red1 Nf6 18. h3 Nh5 19. Rxd8+ Rxd8 20. Rd1 Nf4 21.
c4 Rd7 22. Rxd7 Qxd7 23. Qd1 f5 24. Qxd7 Bxd7 25. exf5 gxf5 26. Kf1 Kf7 27. Bd6
Nd3 28. Ba3 f4 29. Nd1 b5 30. cxb5 cxb5 31. Ne1 b4 32. Nxd3 bxa3 33. Nc5 Bb5+
34. Ke1 Bf8 35. Ne4 Bb4+ 36. Nec3 Ke6 37. g3 h5 38. g4 hxg4 39. hxg4 e4 40. Kd2
Ke5 41. Kc1 Bd7 42. g5 Bc6 43. g6 Bf8 44. Ne2 Be8 45. Ndc3 Bxg6 46. Na4 Bh6 47.
Kd1 f3 48. Ng3 e3 49. fxe3 Bxe3 50. Nf1 Bd4 51. Kd2 f2 52. Ke2 Bh5+ 53. Kd3 {
...} 0-1

[Event "IV Festival Terre degli Elimi A"]
[Site "Erice ITA"]
[Date "2013.07.24"]
[Round "1"]
[White "Stirpe, Claudio"]
[Black "Spinelli, Dario"]
[WhiteElo "2029"]
[BlackElo "1606"]
[Result "1-0"]
[PlyCount "89"]
[EventDate "2013.07.24"]

1. d4 d5 2. c4 c6 3. Nf3 Nf6 4. Nc3 Bf5 5. Bg5 e6 6. Qb3 Qc7 7. e3 dxc4 8. Bxc4
Nbd7 9. Bf4 Qb6 10. O-O Qxb3 11. Bxb3 Be7 12. Rfe1 Nb6 13. e4 Bg4 14. a4 Bxf3
15. gxf3 O-O 16. a5 Nbd7 17. d5 e5 18. Be3 a6 19. Rec1 Bc5 20. Bxc5 Nxc5 21.
Bc4 Nh5 22. b4 Nd7 23. Rd1 cxd5 24. Bxd5 Rab8 25. Bb3 Ndf6 26. Na4 Nf4 27. Kf1
Rfc8 28. Nc5 Rc7 29. Ra2 h6 30. Rad2 Kh7 31. Rd8 Rxd8 32. Rxd8 Kg6 33. Rb8 Nd7
34. Rxb7 Rxb7 35. Nxb7 Nd3 36. b5 axb5 37. a6 Nb6 38. Nd6 Nc5 39. Bxf7+ Kf6 40.
a7 Na6 41. Nc8 Na8 42. Bd5 N6c7 43. Nd6 Nxd5 44. exd5 b4 45. Ke2 1-0

[Event "IV Festival Terre degli Elimi A"]
[Site "Erice ITA"]
[Date "2013.07.24"]
[Round "1"]
[White "Tondo, Salvatore"]
[Black "Georgiev, Vladimir"]
[WhiteElo "1935"]
[BlackElo "2544"]
[Result "0-1"]
[PlyCount "64"]
[EventDate "2013.07.24"]

1. Nf3 c5 2. g3 Nc6 3. Bg2 e5 4. e4 g6 5. d3 Bg7 6. Nc3 Nge7 7. Be3 d6 8. Qd2
h6 9. Ne2 g5 10. c3 f5 11. exf5 Nxf5 12. h3 Be6 13. g4 Nxe3 14. Qxe3 Qb6 15.
O-O O-O 16. a3 Ne7 17. c4 Rae8 18. Rab1 Qc7 19. Nc3 Ng6 20. Nb5 Qd7 21. Nxa7
Nf4 22. Nh2 e4 23. Bxe4 Bd4 24. Qd2 Nxh3+ 25. Kg2 Nf4+ 26. Kg3 d5 27. cxd5 Bxd5
28. f3 b6 29. Bxd5+ Nxd5 30. b4 Qxa7 31. Qa2 Qf7 32. bxc5 Bxc5 0-1

[Event "IV Festival Terre degli Elimi A"]
[Site "Erice ITA"]
[Date "2013.07.24"]
[Round "1"]
[White "Van Dongen, Cor"]
[Black "Walkusz, Malgorzata"]
[WhiteElo "2357"]
[BlackElo "1924"]
[Result "1-0"]
[PlyCount "79"]
[EventDate "2013.07.24"]

1. c4 f5 2. Nc3 Nf6 3. g3 g6 4. Bg2 Bg7 5. d3 O-O 6. e4 d6 7. Nge2 Nc6 8. O-O
e5 9. Nd5 Be6 10. Bg5 Qd7 11. Qd2 Rae8 12. Rac1 Nd8 13. exf5 Bxf5 14. Rce1 Ne6
15. Bxf6 Bxf6 16. Nxf6+ Rxf6 17. d4 Ng7 18. Nc3 c6 19. dxe5 Rxe5 20. Rxe5 dxe5
21. Qxd7 Bxd7 22. Ne4 Rf8 23. Re1 Nf5 24. Nc5 Bc8 25. Rxe5 Nd4 26. f4 b6 27.
Ne4 Bf5 28. Nc3 Bd3 29. b3 Kf7 30. Kf2 Rd8 31. Re1 Bf5 32. Rd1 c5 33. Nb5 a6
34. Nxd4 cxd4 35. Bd5+ Kf6 36. Rxd4 Bb1 37. Rd2 b5 38. Ke3 bxc4 39. bxc4 Ke7
40. Rb2 1-0

[Event "IV Festival Terre degli Elimi A"]
[Site "Erice ITA"]
[Date "2013.07.25"]
[Round "2"]
[White "Aceto, Andrea"]
[Black "Iannello, Andrea"]
[WhiteElo "1569"]
[BlackElo "1837"]
[Result "1/2-1/2"]
[PlyCount "61"]
[EventDate "2013.07.24"]

1. d4 Nf6 2. Nc3 d5 3. Bf4 e6 4. e3 Bb4 5. a3 Bxc3+ 6. bxc3 c5 7. Bb5+ Bd7 8.
Bxd7+ Nbxd7 9. Ne2 Qa5 10. O-O Ne4 11. Qe1 Rc8 12. f3 Nef6 13. Qb1 Qa6 14. Ng3
Nb6 15. a4 O-O 16. Bd6 Rfe8 17. Bxc5 Nxa4 18. Qb4 b5 19. Rfb1 Qc6 20. Qxb5 Nxc5
21. Qxc6 Rxc6 22. dxc5 Rxc5 23. Ne2 Rc7 24. Rb3 Nd7 25. Nd4 a6 26. Rba3 Nb8 27.
Rb1 e5 28. Nf5 Nd7 29. Rd1 Nf6 30. g4 g6 31. Ng3 1/2-1/2

[Event "IV Festival Terre degli Elimi A"]
[Site "Erice ITA"]
[Date "2013.07.25"]
[Round "2"]
[White "Adrian, Claude"]
[Black "Ganci, Fabrizio"]
[WhiteElo "2221"]
[BlackElo "2073"]
[Result "1-0"]
[PlyCount "57"]
[EventDate "2013.07.24"]

1. c4 c6 2. e4 d5 3. exd5 cxd5 4. d4 Nf6 5. Nc3 Nc6 6. Nf3 e6 7. c5 Be7 8. Bb5
O-O 9. O-O Bd7 10. Bf4 Ne4 11. Rc1 Bf6 12. Bd3 Nxc3 13. Rxc3 g6 14. Bb1 Re8 15.
Re1 b6 16. Ne5 bxc5 17. dxc5 d4 18. Ra3 Bxe5 19. Bxe5 Nxe5 20. Rxe5 f6 21. Re1
Bc6 22. b4 e5 23. b5 Bd5 24. Ra6 Re6 25. Qa4 Qc8 26. Rxa7 Rxa7 27. Qxa7 f5 28.
c6 Bc4 29. Qc5 1-0

[Event "IV Festival Terre degli Elimi A"]
[Site "Erice ITA"]
[Date "2013.07.25"]
[Round "2"]
[White "Aghayev, Miragha"]
[Black "Campo, Renato"]
[WhiteElo "2299"]
[BlackElo "1998"]
[Result "1-0"]
[PlyCount "47"]
[EventDate "2013.07.24"]

1. e4 g6 2. d4 Bg7 3. Nc3 c5 4. Be3 cxd4 5. Bxd4 Nf6 6. e5 Ng8 7. Bc4 Nc6 8. e6
f6 9. exd7+ Bxd7 10. Bc5 Ne5 11. Bd5 Qc7 12. Qd4 Nc6 13. Qd2 b6 14. Be3 Rd8 15.
Nb5 Qb8 16. O-O-O f5 17. Nf3 Nf6 18. Bf4 e5 19. Nd6+ Qxd6 20. Bf7+ Kxf7 21.
Ng5+ Kg8 22. Qxd6 Ng4 23. Rhe1 h6 24. Ne6 1-0

[Event "IV Festival Terre degli Elimi A"]
[Site "Erice ITA"]
[Date "2013.07.25"]
[Round "2"]
[White "Amato, Andrea"]
[Black "Cannella, Carlo"]
[WhiteElo "2291"]
[BlackElo "1972"]
[Result "1-0"]
[PlyCount "101"]
[EventDate "2013.07.24"]

1. Nf3 Nf6 2. c4 c6 3. g3 d5 4. Bg2 g6 5. b3 Bg7 6. Bb2 O-O 7. O-O Nbd7 8. d4
Ne4 9. Nc3 Ndf6 10. Nd2 Bf5 11. f3 Nxc3 12. Bxc3 Qd7 13. Qe1 Bh3 14. Rd1 Bxg2
15. Kxg2 Qc7 16. e4 dxe4 17. Nxe4 Rad8 18. Nf2 h5 19. Qe3 h4 20. g4 Ne8 21.
Rfe1 e6 22. Bb4 Nd6 23. Ne4 Nxe4 24. Bxf8 Bxf8 25. fxe4 c5 26. e5 Qc6+ 27. Qf3
cxd4 28. Re4 Qa6 29. Rf1 Rd7 30. Rxd4 Rc7 31. Rf4 Qc6 32. Qxc6 bxc6 33. Rd1 a5
34. Rd8 a4 35. Rfd4 axb3 36. axb3 Rb7 37. Rd3 Kg7 38. R8d7 Rxd7 39. Rxd7 Bb4
40. Rc7 c5 41. g5 Bd2 42. Rxc5 Bxg5 43. Kf3 f5 44. exf6+ Kxf6 45. h3 Bd2 46.
Ke4 g5 47. Rb5 Bc3 48. c5 e5 49. c6 Ke6 50. c7 Kd7 51. Rc5 1-0

[Event "IV Festival Terre degli Elimi A"]
[Site "Erice ITA"]
[Date "2013.07.25"]
[Round "2"]
[White "Bertino, Giacomo"]
[Black "Fontana, Giulio"]
[WhiteElo "1928"]
[BlackElo "1774"]
[Result "1-0"]
[PlyCount "141"]
[EventDate "2013.07.24"]

1. d4 d5 2. Nf3 Nf6 3. e3 e6 4. Bd3 b6 5. O-O Ba6 6. Bxa6 Nxa6 7. c4 Nb8 8. Ne5
Bd6 9. Qa4+ Nbd7 10. Nc6 Qc8 11. cxd5 exd5 12. Nc3 a6 13. e4 dxe4 14. Re1 O-O
15. Nxe4 Nxe4 16. Rxe4 Nf6 17. Re1 Qg4 18. h3 Qh4 19. Qc2 Rfe8 20. Be3 Re6 21.
Ne5 Nd5 22. Qc6 Rd8 23. Qc2 Rde8 24. Nf3 Nxe3 25. fxe3 Qg3 26. e4 Rg6 27. e5
Bb4 28. Rf1 Qxh3 29. Qxg6 Qxf3 30. Qxg7+ Kxg7 31. Rxf3 Rd8 32. a3 Be7 33. Raf1
Rf8 34. b4 h6 35. Kh2 Bg5 36. Rc3 Rd8 37. Rd1 Bf4+ 38. g3 Bxe5 39. Rcd3 Bd6 40.
Kh3 Re8 41. Kg4 Kg6 42. Kf3 Re6 43. Re3 Rf6+ 44. Kg2 Kg5 45. Rf1 Rxf1 46. Kxf1
Kg4 47. Kg2 f5 48. Re6 f4 49. gxf4 Bxf4 50. d5 Kf5 51. Kf3 Bc1 52. a4 Ba3 53.
b5 axb5 54. axb5 Kg5 55. Re5+ Kg6 56. Kg4 Bd6 57. Re6+ Kg7 58. Kh5 Bf4 59. Kg4
Bd6 60. Kf5 Kf7 61. Rxh6 Ke7 62. Rh7+ Kd8 63. Ke6 Kc8 64. Rd7 Bh2 65. d6 Bxd6
66. Rxd6 cxd6 67. Kxd6 Kd8 68. Kc6 Kc8 69. Kxb6 Kb8 70. Kc6 Kc8 71. b6 1-0

[Event "IV Festival Terre degli Elimi A"]
[Site "Erice ITA"]
[Date "2013.07.25"]
[Round "2"]
[White "Bifulco, Michel"]
[Black "Duijker, Rick"]
[WhiteElo "2026"]
[BlackElo "2258"]
[Result "0-1"]
[PlyCount "112"]
[EventDate "2013.07.24"]

1. d4 Nf6 2. Nc3 d5 3. Bg5 Bf5 4. f3 Nbd7 5. Qd2 h6 6. Bh4 e6 7. O-O-O c5 8. e3
cxd4 9. exd4 Bb4 10. Bd3 Bxd3 11. Qxd3 O-O 12. Nge2 Qa5 13. g4 Rfc8 14. g5 hxg5
15. Bxg5 Ne8 16. Rdg1 Nb6 17. Rg4 Bxc3 18. Nxc3 Rxc3 19. Qxc3 Qxa2 20. Qa3 Qxa3
21. bxa3 Nc4 22. a4 Rc8 23. h4 Rc6 24. h5 Kh7 25. Rh3 Ra6 26. f4 Rxa4 27. Rb3
Ra1+ 28. Rb1 Rxb1+ 29. Kxb1 Ne3 30. Rg1 Nf5 31. Bd8 Nxd4 32. Ba5 Nf6 33. Rh1
Ne4 34. Kb2 b6 35. Bc3 Nb5 36. Bb4 a5 37. Be7 Nd4 38. Bd8 Nd6 39. c3 Nc4+ 40.
Ka1 Ne2 41. Rb1 Nxf4 42. Bxb6 Nxh5 43. Rb5 a4 44. Bc5 g5 45. Rb4 a3 46. Rb3 g4
47. Rb1 Kg6 48. Ka2 f5 49. Bxa3 Nxa3 50. Kxa3 f4 51. c4 dxc4 52. Kb4 g3 53.
Kxc4 g2 54. Kd3 Ng3 55. Rg1 f3 56. Ke3 Ne2 0-1

[Event "IV Festival Terre degli Elimi A"]
[Site "Erice ITA"]
[Date "2013.07.25"]
[Round "2"]
[White "Bous, Florian"]
[Black "Przezdziecka, Marta"]
[WhiteElo "2072"]
[BlackElo "2297"]
[Result "0-1"]
[PlyCount "96"]
[EventDate "2013.07.24"]

1. d4 g6 2. e4 Bg7 3. c4 c5 4. d5 d6 5. Bd3 e6 6. Ne2 Ne7 7. Nec3 O-O 8. Bf4 e5
9. Bg5 h6 10. Be3 f5 11. f3 Nd7 12. Qd2 f4 13. Bf2 Nf6 14. g4 g5 15. Na3 Ng6
16. O-O-O a6 17. Rdg1 Bd7 18. h4 Nh7 19. hxg5 Nxg5 20. Qe2 Rb8 21. Nc2 Qe8 22.
Ne1 b5 23. b3 b4 24. Nd1 a5 25. Bc2 a4 26. Nb2 axb3 27. Bxb3 Ra8 28. Kd2 Ra5
29. Rh5 Qa8 30. Ned3 Rxa2 31. Bxa2 Qxa2 32. Rhh1 Qa3 33. Qd1 Ra8 34. Ke2 Qa6
35. Qb3 Qc8 36. Be1 Ra3 37. Qc2 Qa8 38. Bd2 Nf8 39. Bc1 Nfh7 40. Rh4 Nf6 41.
Bd2 Qc8 42. Kf2 Nxg4+ 43. fxg4 Nxe4+ 44. Ke1 Ng5 45. Qd1 e4 46. Bxf4 Nf3+ 47.
Qxf3 exf3 48. g5 Qe8+ 0-1

[Event "IV Festival Terre degli Elimi A"]
[Site "Erice ITA"]
[Date "2013.07.25"]
[Round "2"]
[White "Castelli, Giovanni J."]
[Black "Milletari', Ruggero"]
[WhiteElo "1832"]
[BlackElo "1824"]
[Result "1/2-1/2"]
[PlyCount "99"]
[EventDate "2013.07.24"]

1. e4 e6 2. b3 d5 3. Bb2 d4 4. c3 Nf6 5. Qc2 dxc3 6. dxc3 a6 7. Nf3 Nc6 8. Be2
e5 9. O-O Bg4 10. h3 Bxf3 11. Bxf3 Bc5 12. Nd2 O-O 13. Rfe1 Qe7 14. Nc4 b5 15.
Ne3 Bxe3 16. Rxe3 Rad8 17. a3 Qe6 18. b4 Nd7 19. Bg4 Qe7 20. a4 Nb6 21. Be2
Nxa4 22. Rg3 Nxb2 23. Qxb2 Nb8 24. c4 c6 25. cxb5 cxb5 26. Rd3 Rxd3 27. Bxd3
Rd8 28. Qc3 g6 29. Rc1 Qd6 30. Be2 Nd7 31. Rd1 Qe7 32. Qc7 Kf8 33. Bg4 Ke8 34.
Bxd7+ Rxd7 35. Rxd7 Qxd7 36. Qxe5+ Qe6 37. Qb8+ Ke7 38. Qb7+ Kf6 39. f3 Qd6 40.
Kh1 Qxb4 41. Qxa6+ Kg7 42. Kh2 Qa4 43. Qd6 b4 44. Qe5+ Kg8 45. Qb8+ Kg7 46.
Qe5+ Kf8 47. Qd6+ Ke8 48. Qe5+ Kd7 49. Qd5+ Ke7 50. Qe5+ 1/2-1/2

[Event "IV Festival Terre degli Elimi A"]
[Site "Erice ITA"]
[Date "2013.07.25"]
[Round "2"]
[White "Cazacu, Gabriela"]
[Black "Parrinello, Marco"]
[WhiteElo "1845"]
[BlackElo "1569"]
[Result "1/2-1/2"]
[PlyCount "91"]
[EventDate "2013.07.24"]

1. d4 Nf6 2. c4 e6 3. Nc3 Bb4 4. a3 Bxc3+ 5. bxc3 b6 6. e3 Ba6 7. Bd3 Nc6 8.
Nf3 Na5 9. Ne5 Rc8 10. O-O c5 11. Qe2 cxd4 12. cxd4 d6 13. Ng4 Bxc4 14. Nxf6+
Qxf6 15. Bb2 d5 16. Rac1 O-O 17. Bc3 Bxd3 18. Qxd3 Nc4 19. a4 Qe7 20. Rfe1 Qd7
21. Ra1 Rfe8 22. Reb1 Rc6 23. a5 bxa5 24. Bxa5 Nxa5 25. Rxa5 Qc7 26. Raa1 Rc8
27. g3 Ra8 28. Qb5 g6 29. Qb7 Qxb7 30. Rxb7 a5 31. Rab1 Rca6 32. Rd7 R6a7 33.
Rd6 a4 34. Rdb6 a3 35. Kf1 a2 36. Ra1 Kg7 37. Ke2 Kf8 38. Kf3 Ke7 39. Kg4 Kd8
40. Kg5 h5 41. h4 Kc7 42. Rb2 Kd6 43. Kf6 Kc6 44. Rc1+ Kd6 45. Ra1 Kc6 46. Rc1+
1/2-1/2

[Event "IV Festival Terre degli Elimi A"]
[Site "Erice ITA"]
[Date "2013.07.25"]
[Round "2"]
[White "Clijsen, Mark"]
[Black "Arnaudov, G. Petar"]
[WhiteElo "2159"]
[BlackElo "2487"]
[Result "0-1"]
[PlyCount "44"]
[EventDate "2013.07.24"]

1. d4 Nf6 2. Nf3 c5 3. e3 g6 4. c4 Bg7 5. Be2 O-O 6. O-O cxd4 7. exd4 d5 8. c5
Nc6 9. Bf4 Bg4 10. Nc3 Ne4 11. Ne5 Bxe2 12. Nxc6 Bxd1 13. Nxd8 Nxc3 14. bxc3
Be2 15. Nxb7 Bxf1 16. Kxf1 Rfe8 17. Bg3 e5 18. Nd6 Re6 19. Rb1 exd4 20. c6 Bf8
21. c7 Bxd6 22. Bxd6 dxc3 0-1

[Event "IV Festival Terre degli Elimi A"]
[Site "Erice ITA"]
[Date "2013.07.25"]
[Round "2"]
[White "Corsino, Gianluca"]
[Black "Lammens, Tim"]
[WhiteElo "2094"]
[BlackElo "2316"]
[Result "0-1"]
[PlyCount "125"]
[EventDate "2013.07.24"]

1. d4 Nf6 2. Nf3 d6 3. c4 g6 4. Nc3 Bg7 5. e4 O-O 6. h3 e5 7. d5 a5 8. Bg5 Na6
9. Nd2 Qe8 10. Be2 c6 11. g4 Bd7 12. Be3 cxd5 13. cxd5 b5 14. g5 Nh5 15. Bxh5
gxh5 16. Ne2 h4 17. Nf3 f5 18. gxf6 Rxf6 19. Nxh4 Qh5 20. Nf5 Bxf5 21. exf5
Qxf5 22. Ng3 Qg6 23. h4 Nb4 24. h5 Qc2 25. Qxc2 Nxc2+ 26. Kd2 Nxa1 27. Ne4 Rff8
28. h6 Bf6 29. Rxa1 Rac8 30. Rg1+ Kh8 31. Bb6 Bd8 32. Be3 Rc7 33. Bb6 Rcf7 34.
Be3 Bh4 35. Rc1 Kg8 36. Rg1+ Kh8 37. Rc1 Rd7 38. Rc6 Be7 39. Rb6 b4 40. Ra6 Rb8
41. b3 Rb5 42. Ng5 Rxd5+ 43. Ke2 Bxg5 44. Bxg5 Kg8 45. Ra8+ Kf7 46. Rh8 Ke6 47.
Be3 Rb5 48. Re8+ Re7 49. Rg8 Rbb7 50. Ra8 d5 51. Rxa5 d4 52. Bd2 e4 53. Ra4
Rbc7 54. Bxb4 Ra7 55. Rxa7 Rxa7 56. a3 Rf7 57. Bc5 Kd5 58. b4 Rf6 59. a4 Rxh6
60. a5 Kc4 61. Bb6 Rd6 62. Bc5 Re6 63. Kd2 0-1

[Event "IV Festival Terre degli Elimi A"]
[Site "Erice ITA"]
[Date "2013.07.25"]
[Round "2"]
[White "D'Eredita', Elena"]
[Black "Tondo, Salvatore"]
[WhiteElo "1673"]
[BlackElo "1935"]
[Result "1/2-1/2"]
[PlyCount "113"]
[EventDate "2013.07.24"]

1. e4 c6 2. Nf3 g6 3. Nc3 Bg7 4. d4 d5 5. exd5 cxd5 6. Bf4 a6 7. h3 Nf6 8. Be2
O-O 9. O-O Nc6 10. Ne5 Be6 11. Bf3 Rc8 12. Re1 b5 13. Rc1 Na5 14. a4 b4 15. Na2
Qb6 16. b3 Nc6 17. Nxc6 Rxc6 18. c4 bxc3 19. Rxc3 Rxc3 20. Nxc3 Rc8 21. Ne2 Bf5
22. Nc1 Ne4 23. Bxe4 Bxe4 24. Be5 Bh6 25. Nd3 f6 26. Bf4 Bxf4 27. Nxf4 Kf7 28.
Qg4 Bf5 29. Nxd5 Qd6 30. Qf3 e6 31. Nf4 Qc6 32. d5 exd5 33. Nxd5 Rd8 34. Nb4
Qxf3 35. gxf3 Rd6 36. Kg2 a5 37. Na2 Bc2 38. Nc1 f5 39. Re2 Rc6 40. Re5 Bd1 41.
Nd3 Rc3 42. Ne1 Bxb3 43. Rxa5 h6 44. Kg3 Rc4 45. Ra7+ Kf6 46. a5 Ra4 47. Nd3
Bc4 48. Nb2 Rb4 49. Nxc4 Rxc4 50. f4 Rc3+ 51. f3 Ra3 52. Ra6+ Kg7 53. h4 h5 54.
Ra8 Ra2 55. a6 Kh7 56. a7 Kg7 57. Kh3 1/2-1/2